[Event "Budapest Vezerkepzo IM New Year"]
[Site "Budapest"]
[Date "2024.01.05"]
[Round "1"]
[White "Kolagatla, Alana Meenakshi"]
[Black "Varga, Zoltan"]
[Result "1/2-1/2"]
[WhiteElo "2169"]
[BlackElo "2366"]
[PlyCount "30"]
[EventDate "2024.01.05"]
[EventType "tourn"]
[EventRounds "11"]
[EventCountry "HUN"]
[SourceTitle "CB03_2024"]
[SourceDate "2024.01.17"]
[SourceVersion "1"]
[SourceVersionDate "2024.01.17"]
[SourceQuality "1"]

1. e4 d5 2. exd5 Qxd5 3. Nc3 Qd6 4. d4 Nf6 5. Nf3 g6 6. Bc4 Bg7 7. Ne5 0-0 8. Nb5 Qd8 9. Bf4 Na6 10. Nc3 Nb4 11. a3 Nbd5 12. Nxd5 Nxd5 13. Bg3 c6 14. 0-0 Bf5 15. Qd2 Qb6 1/2-1/2

[Event "Budapest Vezerkepzo GM Christmas"]
[Site "Budapest"]
[Date "2023.12.30"]
[Round "5"]
[White "Varga, Zoltan"]
[Black "Tancsa, Tamas"]
[Result "1-0"]
[WhiteElo "2378"]
[BlackElo "2337"]
[PlyCount "69"]
[EventDate "2023.12.26"]
[EventType "tourn"]
[EventRounds "9"]
[EventCountry "HUN"]
[EventCategory "6"]
[SourceTitle "CB02_2024"]
[SourceDate "2024.01.10"]
[SourceVersion "1"]
[SourceVersionDate "2024.01.10"]
[SourceQuality "1"]

1. e4 c5 2. Nf3 d6 3. d4 cxd4 4. Nxd4 Nf6 5. f3 e5 6. Nb3 d5 7. exd5 Nxd5 8. Bb5+ Nc6 9. Bd2 Be6 10. Nc3 Be7 11. Qe2 0-0 12. 0-0-0 Nd4 13. Qxe5 Bf6 14. Qe4 Nxb3+ 15. axb3 Rc8 16. Nxd5 Bxd5 17. Qd3 Qc7 18. Bc3 Bxc3 19. Qxc3 Qb6 20. Bc4 Bxc4 21. bxc4 Qa6 22. b3 b5 23. cxb5 Qxb5 24. Qd3 Qa5 25. Kb1 Rc6 26. Qd2 Qc5 27. Rhe1 a5 28. Re4 Qf5 29. Qd7 Qg6 30. Rd5 a4 31. bxa4 Rcc8 32. Rde5 Qb6+ 33. Kc1 Qg1+ 34. Re1 Qxg2 35. Qxc8 1-0

[Event "Budapest Vezerkepzo GM 12"]
[Site "Budapest"]
[Date "2023.12.22"]
[Round "9"]
[White "Mohammad, Nubairshah Shaikh"]
[Black "Varga, Zoltan"]
[Result "1/2-1/2"]
[WhiteElo "2434"]
[BlackElo "2378"]
[PlyCount "103"]
[EventDate "2023.12.14"]
[EventType "tourn"]
[EventRounds "9"]
[EventCountry "HUN"]
[EventCategory "6"]
[SourceTitle "CB52_2023"]
[SourceDate "2023.12.27"]
[SourceVersion "1"]
[SourceVersionDate "2023.12.27"]
[SourceQuality "1"]

1. Nf3 c5 2. c4 Nc6 3. Nc3 g6 4. e3 Nf6 5. d4 cxd4 6. exd4 d5 7. cxd5 Nxd5 8. Qb3 Nxc3 9. Bc4 Nd5 10. Bxd5 e6 11. Bxc6+ bxc6 12. 0-0 Qd5 13. Bf4 Qxb3 14. axb3 f6 15. Rfc1 g5 16. Bg3 h5 17. h4 g4 18. Nd2 Bh6 19. Rxc6 Bd7 20. Rc2 Bxd2 21. Rxd2 Bc6 22. Rc2 Kd7 23. Rc5 a6 24. Bf4 f5 25. Kh2 Rhc8 26. Rac1 Ra7 27. Kg3 Rb7 28. R5c3 Rb4 29. Be5 Bb7 30. Rxc8 Bxc8 31. Rc7+ Kd8 32. Rh7 Rxb3+ 33. Kf4 Rxb2 34. Bf6+ Ke8 35. Re7+ Kf8 36. Rc7 Bb7 37. d5 Rxf2+ 38. Kg3 Rf1 39. Bg7+ Ke8 40. Be5 Bxd5 41. Rc8+ Kd7 42. Rc7+ Kd8 43. Rh7 a5 44. Rxh5 a4 45. Rh8+ Kd7 46. h5 a3 47. Rh7+ Kc6 48. h6 f4+ 49. Kxg4 f3 50. Rc7+ Kb6 51. gxf3 Bxf3+ 52. Kg3 1/2-1/2

[Event "Budapest Vezerkepzo GM 12"]
[Site "Budapest"]
[Date "2023.12.18"]
[Round "5"]
[White "Panesar, Vedant"]
[Black "Varga, Zoltan"]
[Result "1/2-1/2"]
[WhiteElo "2445"]
[BlackElo "2378"]
[PlyCount "79"]
[EventDate "2023.12.14"]
[EventType "tourn"]
[EventRounds "9"]
[EventCountry "HUN"]
[EventCategory "6"]
[SourceTitle "CB52_2023"]
[SourceDate "2023.12.27"]
[SourceVersion "1"]
[SourceVersionDate "2023.12.27"]
[SourceQuality "1"]

1. e4 d5 2. exd5 Qxd5 3. Nc3 Qd6 4. d4 Nf6 5. Nf3 Nc6 6. Nb5 Qd8 7. c4 a6 8. Nc3 Bg4 9. d5 Bxf3 10. gxf3 Ne5 11. f4 Ng6 12. f5 Nh4 13. Bd3 g6 14. Bg5 Nxf5 15. Bxf5 gxf5 16. Qf3 Ne4 17. Nxe4 fxe4 18. Qxe4 Qd6 19. 0-0-0 0-0-0 20. Qf5+ Qd7 21. Qxf7 Qa4 22. Rd4 Qxa2 23. Rhd1 Qa1+ 24. Kc2 Qa4+ 25. Kb1 Qe8 26. Rf4 Qxf7 27. Rxf7 Rg8 28. h4 Rg7 29. Rf3 Rg6 30. Re1 c6 31. Re6 cxd5 32. cxd5 Kd7 33. Re5 h6 34. Bd2 Bg7 35. Ref5 Rc8 36. Rg3 Rf6 37. Rxf6 Bxf6 38. h5 Rc5 39. Rd3 Bg7 40. b3 1/2-1/2

[Event "Budapest Vezerkepzo GM 12"]
[Site "Budapest"]
[Date "2023.12.17"]
[Round "4"]
[White "Varga, Zoltan"]
[Black "Vaz, Ethan"]
[Result "1/2-1/2"]
[WhiteElo "2378"]
[BlackElo "2400"]
[PlyCount "135"]
[EventDate "2023.12.14"]
[EventType "tourn"]
[EventRounds "9"]
[EventCountry "HUN"]
[EventCategory "6"]
[SourceTitle "CB52_2023"]
[SourceDate "2023.12.27"]
[SourceVersion "1"]
[SourceVersionDate "2023.12.27"]
[SourceQuality "1"]

1. e4 c5 2. Nf3 d6 3. d4 cxd4 4. Nxd4 Nf6 5. f3 e5 6. Nb3 d5 7. Bg5 Be6 8. Bxf6 gxf6 9. exd5 Qxd5 10. Qxd5 Bxd5 11. Nc3 Be6 12. 0-0-0 Nc6 13. Bb5 Rg8 14. g3 a6 15. Bxc6+ bxc6 16. Ne4 Rg6 17. Rhe1 Bd5 18. f4 0-0-0 19. f5 Rh6 20. h4 Be7 21. Nbd2 Rh5 22. Rf1 Bxa2 23. Rf3 Rd4 24. c3 Ra4 25. Kc2 Bd5 26. Kd3 c5 27. c4 Bc6 28. Rf2 Rb4 29. b3 Rb7 30. Nc3 Rd7+ 31. Nd5 Bxd5 32. cxd5 Rxd5+ 33. Ke2 e4 34. Nxe4 Rdxf5 35. Rxf5 Rxf5 36. Nd6+ Bxd6 37. Rxd6 Kb7 38. g4 Rf4 39. h5 Rxg4 40. Rxf6 Rg3 41. Rxf7+ Kb6 42. Rxh7 Rxb3 43. Rh8 Rh3 44. Kf2 Ka5 45. Kg2 Re3 46. Kf2 Rh3 47. Kg2 Rd3 48. h6 Rd7 49. Kf3 c4 50. Ke3 c3 51. Rb8 Rc7 52. Rb1 c2 53. Rc1 Kb4 54. h7 Rxh7 55. Rxc2 a5 56. Kd2 a4 57. Kc1 Ka3 58. Kb1 Rh3 59. Rc1 Kb3 60. Ka1 Rh2 61. Rg1 Rh3 62. Rf1 Ka3 63. Rg1 Rb3 64. Rh1 Kb4 65. Rh4+ Ka3 66. Rh1 Rb2 67. Rh3+ Rb3 68. Rh1 1/2-1/2

[Event "Budapest FS12 GM"]
[Site "Budapest"]
[Date "2023.12.09"]
[Round "7"]
[White "Arhan, Chethan Anand"]
[Black "Varga, Zoltan"]
[Result "1-0"]
[WhiteElo "2378"]
[BlackElo "2378"]
[PlyCount "109"]
[EventDate "2023.12.02"]
[EventType "tourn"]
[EventRounds "9"]
[EventCountry "HUN"]
[EventCategory "6"]
[SourceTitle "CB51_2023"]
[SourceDate "2023.12.20"]
[SourceVersion "1"]
[SourceVersionDate "2023.12.20"]
[SourceQuality "1"]

1. e4 d5 2. exd5 Qxd5 3. Nc3 Qd6 4. d4 Nf6 5. Nf3 a6 6. g3 b5 7. Bg2 Bb7 8. 0-0 e6 9. Bf4 Qb6 10. a4 Bd6 11. Ne5 Bxg2 12. Kxg2 Qb7+ 13. Qf3 Qxf3+ 14. Kxf3 b4 15. Ne2 Nd5 16. Nc4 Bxf4 17. Nxf4 Nc6 18. Rfd1 Nxf4 19. Kxf4 0-0-0 20. c3 Rd7 21. Re1 Rd5 22. Re4 Rf5+ 23. Ke3 Kd7 24. Ne5+ Nxe5 25. dxe5 bxc3 26. Rd1+ Ke7 27. g4 Rg5 28. h4 Rg6 29. Rc1 f5 30. exf6+ gxf6 31. Rxc3 Kd7 32. Rec4 Rc8 33. Rd4+ Ke8 34. Rc6 f5 35. h5 Rxg4 36. Rxg4 fxg4 37. Rxe6+ Kd7 38. Rxa6 Rb8 39. Rh6 Rb3+ 40. Kf4 Rxb2 41. Rxh7+ Kd6 42. Kxg4 Rxf2 43. Rh8 Rg2+ 44. Kf5 Rf2+ 45. Kg6 Rg2+ 46. Kh7 c5 47. h6 c4 48. Rc8 Kd5 49. Kh8 Kd4 50. Rg8 Rh2 51. Rg4+ Kd3 52. Rg3+ Kd2 53. Kg7 c3 54. h7 c2 55. Rg1 1-0

[Event "Budapest Vezerkepzo IM 11"]
[Site "Budapest"]
[Date "2023.11.22"]
[Round "7"]
[White "Varga, Zoltan"]
[Black "Vincenti, Leonardo"]
[Result "1-0"]
[WhiteElo "2371"]
[BlackElo "2120"]
[PlyCount "73"]
[EventDate "2023.11.16"]
[EventType "tourn"]
[EventRounds "9"]
[EventCountry "HUN"]
[SourceTitle "CB48_2023"]
[SourceDate "2023.11.29"]
[SourceVersion "1"]
[SourceVersionDate "2023.11.29"]
[SourceQuality "1"]

1. d4 d5 2. Nf3 Nf6 3. g3 Bf5 4. Bg2 h6 5. c4 e6 6. Qb3 Nc6 7. 0-0 Nb4 8. Na3 a5 9. c5 b6 10. Be3 bxc5 11. dxc5 Ne4 12. Rfc1 c6 13. Qa4 Qc8 14. Nb1 Na6 15. Nd4 Naxc5 16. Qxc6+ Qxc6 17. Nxc6 Nd7 18. f3 Nd6 19. Na3 g5 20. Bd4 f6 21. Bc3 a4 22. Bb4 e5 23. Kh1 Nb6 24. f4 gxf4 25. gxf4 e4 26. Bxd6 Bxd6 27. Nb5 Nc8 28. Ncd4 Bd7 29. Rxc8+ Bxc8 30. Nxd6+ Ke7 31. N6b5 Bd7 32. Nc7 Ra5 33. b4 axb3 34. Nxb3 Rha8 35. Nxa8 Rxa8 36. Kg1 Be6 37. a4 1-0

[Event "SRB-chT 2nd League"]
[Site "Novi Sad"]
[Date "2023.11.08"]
[Round "10.2"]
[White "Varga, Zoltan"]
[Black "Levitan, Caleb Levi"]
[Result "1/2-1/2"]
[WhiteElo "2371"]
[BlackElo "2334"]
[PlyCount "81"]
[EventDate "2023.11.02"]
[EventType "team-tourn"]
[EventRounds "11"]
[EventCountry "SRB"]
[SourceTitle "CB46_2023"]
[SourceDate "2023.11.15"]
[SourceVersion "1"]
[SourceVersionDate "2023.11.15"]
[SourceQuality "1"]
[WhiteTeam "Krajisnik Krajina"]
[BlackTeam "Car Uros Jazak"]
[WhiteTeamCountry "SRB"]
[BlackTeamCountry "SRB"]

1. e4 c5 2. Nf3 e6 3. g3 d5 4. exd5 exd5 5. Bg2 Qe7+ 6. Kf1 g6 7. d4 Bg7 8. Nc3 Nf6 9. dxc5 Qxc5 10. Qe2+ Qe7 11. Bg5 Qxe2+ 12. Kxe2 Be6 13. Rhd1 Nbd7 14. Nb5 0-0 15. Be3 a6 16. Nc7 Rac8 17. Nxe6 fxe6 18. c3 Rfe8 19. Bh3 h6 20. Rac1 Kf7 21. Kf1 b5 22. Rc2 g5 23. Bxg5 hxg5 24. Nxg5+ Kg6 25. Nxe6 Bh6 26. Nd4 Ra8 27. Bf5+ Kf7 28. f4 Nb6 29. b3 Nc8 30. Nc6 Nd6 31. Bh3 Nde4 32. Kg2 Kg8 33. Nb4 Bg7 34. Kf3 Ra7 35. c4 bxc4 36. bxc4 dxc4 37. Rxc4 Bf8 38. Nc6 Rc7 39. Bf1 Nd6 40. Rc3 Nb5 41. Bxb5 1/2-1/2

[Event "EU-Cup 38th"]
[Site "Durres"]
[Date "2023.10.07"]
[Round "7.4"]
[White "Varga, Zoltan"]
[Black "Bronstein, Or"]
[Result "0-1"]
[WhiteElo "2356"]
[BlackElo "2433"]
[PlyCount "32"]
[EventDate "2023.10.01"]
[EventType "team-swiss"]
[EventRounds "7"]
[EventCountry "ALB"]
[SourceTitle "EXT 2024"]
[Source "ChessBase"]
[SourceDate "2023.10.10"]
[SourceVersion "1"]
[SourceVersionDate "2023.10.10"]
[SourceQuality "1"]
[WhiteTeam "Dunajska Streda"]
[BlackTeam "Rishon Le Zzion"]
[WhiteTeamCountry "SVK"]
[BlackTeamCountry "ISR"]

1. e4 c5 2. Nf3 d6 3. d4 cxd4 4. Qxd4 Nc6 5. Bb5 a6 6. Bxc6+ bxc6 7. 0-0 e5 8. Qe3 Ne7 9. Rd1 Ng6 10. c4 Qc7 11. Nc3 Be7 12. b3 0-0 13. Ba3 d5 14. Bxe7 d4 15. Qg5 f6 16. Qd2 Qxe7 0-1

[Event "Budapest SixDays 09 GM-B"]
[Site "Budapest"]
[Date "2023.09.18"]
[Round "1"]
[White "Velikanov, Alexander"]
[Black "Varga, Zoltan"]
[Result "1-0"]
[WhiteElo "2327"]
[BlackElo "2368"]
[PlyCount "55"]
[EventDate "2023.09.18"]
[EventType "tourn"]
[EventRounds "9"]
[EventCountry "HUN"]
[EventCategory "6"]
[SourceTitle "EXT 2024"]
[Source "ChessBase"]
[SourceDate "2023.10.10"]
[SourceVersion "1"]
[SourceVersionDate "2023.10.10"]
[SourceQuality "1"]

1. e4 Nf6 2. e5 Nd5 3. d4 d6 4. c4 Nb6 5. f4 dxe5 6. fxe5 Nc6 7. Be3 Bf5 8. Nc3 e6 9. Nf3 Be7 10. Be2 0-0 11. 0-0 f6 12. exf6 Bxf6 13. Qd2 Qe7 14. Rad1 Rad8 15. Kh1 Kh8 16. h3 h6 17. Bg1 Rd7 18. c5 Nd5 19. Bb5 Nxc3 20. bxc3 Rdd8 21. Qe2 Na5 22. Ne5 Bh7 23. Bh2 c6 24. Bd3 Bxe5 25. Bxe5 Rxf1+ 26. Rxf1 b5 27. Bd6 Qd7 28. Qh5 1-0